<?xml version="1.0" encoding="UTF-8"?>
<record
    xmlns:xsi="http://www.w3.org/2001/XMLSchema-instance"
    xsi:schemaLocation="http://www.loc.gov/MARC21/slim http://www.loc.gov/standards/marcxml/schema/MARC21slim.xsd"
    xmlns="http://www.loc.gov/MARC21/slim">

  <leader>01365nam0a22003251  4500</leader>
  <controlfield tag="001">v19\rc\1504172</controlfield>
  <controlfield tag="005">20260406153927.0</controlfield>
  <datafield tag="035" ind1=" " ind2=" ">
    <subfield code="a">(NLR Aleph) 005232897</subfield>
  </datafield>
  <datafield tag="090" ind1=" " ind2=" ">
    <subfield code="a">5624149</subfield>
    <subfield code="c">5624149</subfield>
  </datafield>
  <datafield tag="100" ind1=" " ind2=" ">
    <subfield code="a">20060620d1893    |||y0rusy50      ca</subfield>
  </datafield>
  <datafield tag="101" ind1="1" ind2=" ">
    <subfield code="a">rus</subfield>
    <subfield code="c">ger</subfield>
  </datafield>
  <datafield tag="102" ind1=" " ind2=" ">
    <subfield code="a">RU</subfield>
  </datafield>
  <datafield tag="105" ind1=" " ind2=" ">
    <subfield code="a">y   z   |||||</subfield>
  </datafield>
  <datafield tag="200" ind1="1" ind2=" ">
    <subfield code="a">&#x41F;&#x435;&#x441;&#x441;&#x438;&#x43C;&#x438;&#x437;&#x43C; &#x432; XIX &#x432;&#x435;&#x43A;&#x435;</subfield>
    <subfield code="e">&#x41B;&#x435;&#x43E;&#x43F;&#x430;&#x440;&#x434;&#x438; - &#x428;&#x43E;&#x43F;&#x435;&#x43D;&#x433;&#x430;&#x443;&#x44D;&#x440; - &#x413;&#x430;&#x440;&#x442;&#x43C;&#x430;&#x43D;</subfield>
    <subfield code="f">&#x421;&#x43E;&#x447;. &#x415;. &#x41A;&#x430;&#x440;&#x43E;, &#x447;&#x43B;. &#x424;&#x440;. &#x430;&#x43A;&#x430;&#x434;.</subfield>
    <subfield code="g">[&#x41F;&#x435;&#x440;. &#x41F;.&#x412;. &#x41C;&#x430;&#x43A;&#x438;&#x435;&#x432;&#x441;&#x43A;&#x43E;&#x433;&#x43E;]</subfield>
  </datafield>
  <datafield tag="205" ind1=" " ind2=" ">
    <subfield code="a">2-&#x435; &#x438;&#x437;&#x434;., &#x438;&#x441;&#x43F;&#x440;.</subfield>
  </datafield>
  <datafield tag="210" ind1=" " ind2=" ">
    <subfield code="a">&#x41C;&#x43E;&#x441;&#x43A;&#x432;&#x430;</subfield>
    <subfield code="c">&#x41F;.&#x41A;. &#x41F;&#x440;&#x44F;&#x43D;&#x438;&#x448;&#x43D;&#x438;&#x43A;&#x43E;&#x432; &#x438; &#x412;.&#x41D;. &#x41C;&#x430;&#x440;&#x430;&#x43A;&#x443;&#x435;&#x432;</subfield>
    <subfield code="d">1893</subfield>
  </datafield>
  <datafield tag="215" ind1=" " ind2=" ">
    <subfield code="a">VIII, 313 &#x441;.</subfield>
    <subfield code="d">17</subfield>
  </datafield>
  <datafield tag="532" ind1="1" ind2="1">
    <subfield code="a">&#x41F;&#x435;&#x441;&#x441;&#x438;&#x43C;&#x438;&#x437;&#x43C; &#x432; &#x434;&#x435;&#x432;&#x44F;&#x442;&#x43D;&#x430;&#x434;&#x446;&#x430;&#x442;&#x43E;&#x43C; &#x432;&#x435;&#x43A;&#x435;</subfield>
  </datafield>
  <datafield tag="700" ind1=" " ind2="1">
    <subfield code="a">&#x41A;&#x430;&#x440;&#x43E;</subfield>
    <subfield code="b">&#x42D;. &#x41C;.</subfield>
    <subfield code="f">1826-1887</subfield>
    <subfield code="g">&#x42D;&#x43B;&#x44C;&#x43C; &#x41C;&#x430;&#x440;&#x438;</subfield>
  </datafield>
  <datafield tag="702" ind1=" " ind2="1">
    <subfield code="a">&#x41C;&#x430;&#x43A;&#x438;&#x435;&#x432;&#x441;&#x43A;&#x438;&#x439;</subfield>
    <subfield code="b">&#x41F;. &#x412;.</subfield>
    <subfield code="4">730</subfield>
  </datafield>
  <datafield tag="702" ind1=" " ind2="1">
    <subfield code="a">&#x413;&#x430;&#x440;&#x442;&#x43C;&#x430;&#x43D;</subfield>
    <subfield code="b">&#x42D;.</subfield>
    <subfield code="f">1842-1896</subfield>
    <subfield code="g">&#x42D;&#x434;&#x443;&#x430;&#x440;&#x434;</subfield>
    <subfield code="4">570</subfield>
  </datafield>
  <datafield tag="702" ind1=" " ind2="1">
    <subfield code="4">570</subfield>
    <subfield code="8">rus</subfield>
    <subfield code="7">ca</subfield>
    <subfield code="a">&#x41B;&#x435;&#x43E;&#x43F;&#x430;&#x440;&#x434;&#x438;</subfield>
    <subfield code="b">&#x414;&#x436;.</subfield>
    <subfield code="f">1798-1837</subfield>
    <subfield code="g">&#x414;&#x436;&#x430;&#x43A;&#x43E;&#x43C;&#x43E;</subfield>
    <subfield code="3">RU\NLR\AUTH\7750711</subfield>
    <subfield code="9">33645</subfield>
  </datafield>
  <datafield tag="702" ind1=" " ind2="1">
    <subfield code="4">570</subfield>
    <subfield code="8">rus</subfield>
    <subfield code="7">ca</subfield>
    <subfield code="a">&#x428;&#x43E;&#x43F;&#x435;&#x43D;&#x433;&#x430;&#x443;&#x44D;&#x440;</subfield>
    <subfield code="b">&#x410;.</subfield>
    <subfield code="f">1788-1860</subfield>
    <subfield code="g">&#x410;&#x440;&#x442;&#x443;&#x440;</subfield>
    <subfield code="3">RU\NLR\AUTH\776640</subfield>
    <subfield code="9">116589</subfield>
  </datafield>
  <datafield tag="801" ind1=" " ind2="2">
    <subfield code="a">RU</subfield>
    <subfield code="b">NLR</subfield>
    <subfield code="c">20070521</subfield>
    <subfield code="2">rusmarc</subfield>
  </datafield>
  <datafield tag="801" ind1=" " ind2="0">
    <subfield code="a">RU</subfield>
    <subfield code="b">NLR</subfield>
    <subfield code="c">20060620</subfield>
    <subfield code="g">psbo</subfield>
  </datafield>
  <datafield tag="801" ind1=" " ind2="0">
    <subfield code="a">RU</subfield>
    <subfield code="b">RuMoRGB</subfield>
    <subfield code="c">20060620</subfield>
    <subfield code="2">psbo</subfield>
  </datafield>
  <datafield tag="801" ind1=" " ind2="1">
    <subfield code="a">RU</subfield>
    <subfield code="b">ProSoft-M</subfield>
    <subfield code="c">20060620</subfield>
    <subfield code="2">rusmarc</subfield>
  </datafield>
  <datafield tag="852" ind1=" " ind2=" ">
    <subfield code="a">NLR</subfield>
    <subfield code="j">18.210.4.23</subfield>
  </datafield>
  <datafield tag="942" ind1=" " ind2=" ">
    <subfield code="c">BOOK</subfield>
  </datafield>
  <datafield tag="980" ind1=" " ind2=" ">
    <subfield code="a">NB</subfield>
  </datafield>
  <datafield tag="995" ind1=" " ind2=" ">
    <subfield code="5">2013-10-26</subfield>
    <subfield code="b">NLR02</subfield>
    <subfield code="c">NLR02</subfield>
    <subfield code="e">RFS</subfield>
    <subfield code="f">1-4008618</subfield>
    <subfield code="k">18.210.4.23</subfield>
    <subfield code="o">0</subfield>
    <subfield code="r">BOOK</subfield>
    <subfield code="s">18210423_</subfield>
  </datafield>
</record>
